|
|
|
|
| LEADER |
01154nam a2200361 4500 |
| 001 |
000006820 |
| 003 |
2980 |
| 005 |
20110927140909.0 |
| 008 |
110921s2005 viesd |
| 020 |
|
|
|c 38000đ
|
| 041 |
0 |
|
|a vie
|
| 082 |
|
|
|a 306.0951
|b ĐĂ-S
|
| 100 |
0 |
|
|a Đặng Đức Siêu
|
| 245 |
|
0 |
|a Văn hóa Trung Hoa
|b Giản yếu
|c Đặng Đức Siêu
|
| 260 |
|
|
|a H.
|b Lao động
|c 2005
|
| 300 |
|
|
|a 363 tr
|c 21 cm
|
| 490 |
|
|
|a Hành trình văn hóa Phương Đông
|
| 504 |
|
|
|a Thư mục tr : 362-363
|
| 653 |
|
|
|a Văn hóa
|
| 653 |
|
|
|a Trung Hoa
|
| 653 |
|
|
|a Giản yếu
|
| 700 |
|
|
|a Đặng Đức Siêu
|
| 910 |
|
|
|a Nguyễn Thị Kim Oanh
|d 21/09/2011
|
| OWN |
|
|
|a LSP
|
| AVA |
|
|
|a UDN50
|b LSP
|d 306.0951 ĐĂ-S
|e available
|t Error 5001 Not defined in file expand_doc_bib_avail.
|f 2
|g 0
|h N
|i 0
|k 1
|
| 999 |
|
|
|a From the UDN01
|
| AVA |
|
|
|a UDN50
|b LSP
|d 306.0951 ĐĂ-S
|e available
|t Error 5001 Not defined in file expand_doc_bib_avail.
|f 2
|g 0
|h N
|i 0
|k 1
|
| TYP |
|
|
|a Monograph
|
| TYP |
|
|
|a Printed language
|
| 980 |
|
|
|a Mạng thư viện Đại học Đà Nẵng
|